De la raíz a los frutos: literatura tradicional, fuente de identidad
Guardat en:
| Autor principal: | |
|---|---|
| Format: | Llibre |
| Idioma: | espanyol |
| Publicat: |
Santiago
DIBAM
1994
|
| Matèries: | |
| Etiquetes: |
Afegir etiqueta
Sense etiquetes, Sigues el primer a etiquetar aquest registre!
|
MARC
| LEADER | 00000nam a2200000 a 4500 | ||
|---|---|---|---|
| 001 | UCM3648 | ||
| 003 | CL-VaPUC | ||
| 008 | 020712e19940000CL |||||||||||||||||spa|d | ||
| 082 | 0 | 4 | |a 860.9 |b SEP |2 21 |
| 100 | 0 | |a Sepúlveda Llanos, Fidel |e author |9 470365 | |
| 245 | 1 | 0 | |a De la raíz a los frutos: literatura tradicional, fuente de identidad |
| 300 | |a 118 p | ||
| 942 | |c BK | ||
| 945 | |d 20020712 00:00:00 |a cmena | ||
| 260 | |a Santiago |b DIBAM |c 1994 | ||
| 650 | 0 | |a Literatura española |9 306261 | |
| 650 | 0 | |a Costumbres y tradiciones |9 268292 | |
| 650 | 7 | |a ROMANCEROS |2 CL-VaPUC |9 470366 | |
| 650 | 7 | |a REFRANES |2 CL-VaPUC |9 373405 | |
| 650 | 7 | |a CANCIONEROS |2 CL-VaPUC |9 470367 | |
| 650 | 7 | |a CUENTOS TRADICIONALES |2 CL-VaPUC |9 470368 | |
| 583 | |a last modification |c 20020712 00:00:00 |k Rodrigo Vera | ||
| 999 | |c 300852 |d 300850 | ||
| 952 | |0 0 |1 0 |4 0 |6 860_900000000000000_SEP_1994 |7 0 |8 X |9 359219 |a FDOMLP |b FDOMLP |d 2019-11-21 |i 3828999 |o 860.9 SEP 1994 |p 3828999 |r 2019-11-21 |w 2019-11-21 |y BK_X |k BU2 | ||